Từ điển kỹ thuật tổng hợp Nga - Việt

Saved in:
Bibliographic Details
Format: Book
Language:Undetermined
Published: Hà Nội KHKT 1973
Subjects:
Tags: Add Tag
No Tags, Be the first to tag this record!
Institutions: Trung tâm Học liệu Trường Đại học Cần Thơ
LEADER 00488nam a2200157Ia 4500
001 CTU_26140
008 210402s9999 xx 000 0 und d
082 |a 603 
082 |b T550 
245 0 |a Từ điển kỹ thuật tổng hợp Nga - Việt 
260 |a Hà Nội 
260 |b KHKT 
260 |c 1973 
650 |a russian language - dictionaries,vietnamese language - dictionaries 
904 |i Minh, 981008 
980 |a Trung tâm Học liệu Trường Đại học Cần Thơ